<?xml version="1.0" encoding="UTF-8"?>
<record
    xmlns:xsi="http://www.w3.org/2001/XMLSchema-instance"
    xsi:schemaLocation="http://www.loc.gov/MARC21/slim http://www.loc.gov/standards/marcxml/schema/MARC21slim.xsd"
    xmlns="http://www.loc.gov/MARC21/slim">

  <leader>01354nam a22002537a 4500</leader>
  <datafield tag="999" ind1=" " ind2=" ">
    <subfield code="c">60032</subfield>
    <subfield code="d">60032</subfield>
  </datafield>
  <controlfield tag="003">Ge_BSU</controlfield>
  <controlfield tag="005">20230531114439.0</controlfield>
  <controlfield tag="008">230531s2018ge  xxu||||| |||| 00| 0 geo d</controlfield>
  <datafield tag="020" ind1=" " ind2=" ">
    <subfield code="a">9788378931799</subfield>
  </datafield>
  <datafield tag="041" ind1=" " ind2=" ">
    <subfield code="a">geo</subfield>
  </datafield>
  <datafield tag="080" ind1=" " ind2=" ">
    <subfield code="a">81'374.3=353.2 &#x10E1;-33</subfield>
  </datafield>
  <datafield tag="100" ind1=" " ind2=" ">
    <subfield code="a">&#x10E1;&#x10D0;&#x10E6;&#x10DA;&#x10D8;&#x10D0;&#x10DC;&#x10D8;, &#x10DB;&#x10D4;&#x10D3;&#x10D4;&#x10D0;, &#x10D0;&#x10D5;&#x10E2;&#x10DD;&#x10E0;&#x10D8;.</subfield>
    <subfield code="9">18350</subfield>
  </datafield>
  <datafield tag="245" ind1=" " ind2=" ">
    <subfield code="a">&#x10E1;&#x10D5;&#x10D0;&#x10DC;&#x10E3;&#x10E0;&#x10D8; &#x10DA;&#x10D4;&#x10E5;&#x10E1;&#x10D8;&#x10D9;&#x10DD;&#x10DC;&#x10D8; : </subfield>
    <subfield code="b">(&#x10E2;&#x10D4;&#x10E5;&#x10E1;&#x10E2;&#x10D4;&#x10D1;&#x10D8;&#x10D7;&#x10D0; &#x10D3;&#x10D0; &#x10D2;&#x10D0;&#x10DB;&#x10DD;&#x10D9;&#x10D5;&#x10DA;&#x10D4;&#x10D5;&#x10D8;&#x10D7;&#x10E3;&#x10E0;&#x10D7;) / </subfield>
    <subfield code="c">&#x10DB;&#x10D4;&#x10D3;&#x10D4;&#x10D0; &#x10E1;&#x10D0;&#x10E6;&#x10DA;&#x10D8;&#x10D0;&#x10DC;&#x10D8;, &#x10E0;&#x10D4;&#x10D3;. &#x10DB;&#x10D4;&#x10E0;&#x10D0;&#x10D1; &#x10E9;&#x10E3;&#x10EE;&#x10E3;&#x10D0; </subfield>
  </datafield>
  <datafield tag="264" ind1=" " ind2=" ">
    <subfield code="b">Wojnowice,</subfield>
    <subfield code="c">2018.</subfield>
  </datafield>
  <datafield tag="300" ind1=" " ind2=" ">
    <subfield code="a">766 &#x10D2;&#x10D5;. ; </subfield>
    <subfield code="b"> 24 &#x10E1;&#x10DB;.</subfield>
  </datafield>
  <datafield tag="440" ind1=" " ind2=" ">
    <subfield code="a">&#x10E1;&#x10D0;&#x10D1;&#x10D0; - &#x10E5;&#x10D0;&#x10E0;&#x10D7;&#x10E3;&#x10DA;&#x10D8; &#x10DA;&#x10D4;&#x10E5;&#x10E1;&#x10D8;&#x10D9;&#x10DD;&#x10DC;&#x10D8;</subfield>
    <subfield code="9">18330</subfield>
  </datafield>
  <datafield tag="504" ind1=" " ind2=" ">
    <subfield code="a">&#x10D1;&#x10D8;&#x10D1;&#x10DA;&#x10D8;&#x10DD;&#x10D2;&#x10E0;&#x10D0;&#x10E4;&#x10D8;&#x10D0;: &#x10D2;&#x10D5;. 763-765.</subfield>
  </datafield>
  <datafield tag="546" ind1=" " ind2=" ">
    <subfield code="a">&#x10E7;&#x10D3;&#x10D0; &#x10E5;&#x10D0;&#x10E0;&#x10D7;&#x10E3;&#x10DA; &#x10D3;&#x10D0; &#x10D8;&#x10DC;&#x10D2;&#x10DA;&#x10D8;&#x10E1;&#x10E3;&#x10E0; &#x10D4;&#x10DC;&#x10D4;&#x10D1;&#x10D6;&#x10D4;.</subfield>
  </datafield>
  <datafield tag="653" ind1=" " ind2=" ">
    <subfield code="a">&#x10E1;&#x10D5;&#x10D0;&#x10DC;&#x10E3;&#x10E0;&#x10D8; </subfield>
  </datafield>
  <datafield tag="653" ind1=" " ind2=" ">
    <subfield code="a">&#x10DA;&#x10D4;&#x10E5;&#x10E1;&#x10D8;&#x10D9;&#x10DD;&#x10DC;&#x10D8; </subfield>
  </datafield>
  <datafield tag="700" ind1=" " ind2=" ">
    <subfield code="a">&#x10E9;&#x10E3;&#x10EE;&#x10E3;&#x10D0;, &#x10DB;&#x10D4;&#x10E0;&#x10D0;&#x10D1;</subfield>
    <subfield code="e">&#x10E0;&#x10D4;&#x10D3;&#x10D0;&#x10E5;&#x10E2;&#x10DD;&#x10E0;&#x10D8;</subfield>
    <subfield code="9">16915</subfield>
  </datafield>
  <datafield tag="710" ind1=" " ind2=" ">
    <subfield code="a">&#x10D7;&#x10E1;&#x10E3; &#x10D0;&#x10E0;&#x10DC;. &#x10E9;&#x10D8;&#x10E5;&#x10DD;&#x10D1;&#x10D0;&#x10D5;&#x10D0;&#x10E1; &#x10E1;&#x10D0;&#x10EE;. &#x10D4;&#x10DC;&#x10D0;&#x10D7;&#x10DB;&#x10D4;&#x10EA;&#x10DC;&#x10D8;&#x10D4;&#x10E0;&#x10D4;&#x10D1;&#x10D8;&#x10E1; &#x10D8;&#x10DC;-&#x10E2;&#x10D8;, &#x10E1;&#x10E1;&#x10D8;&#x10DE; &#x10E9;&#x10D4;&#x10E0;&#x10E5;&#x10D4;&#x10D6;&#x10E3;&#x10DA;&#x10D8; (&#x10D0;&#x10D3;&#x10D8;&#x10E6;&#x10E3;&#x10E0;&#x10D8;) &#x10D9;&#x10E3;&#x10DA;&#x10E2;&#x10E3;&#x10E0;&#x10D8;&#x10E1; &#x10EA;&#x10D4;&#x10DC;&#x10E2;&#x10E0;&#x10D8;.</subfield>
    <subfield code="9">18346</subfield>
  </datafield>
  <datafield tag="942" ind1=" " ind2=" ">
    <subfield code="2">udc</subfield>
    <subfield code="c">BK</subfield>
  </datafield>
  <datafield tag="952" ind1=" " ind2=" ">
    <subfield code="0">0</subfield>
    <subfield code="1">0</subfield>
    <subfield code="2">udc</subfield>
    <subfield code="4">0</subfield>
    <subfield code="6">8137433532_&#x10E1;33</subfield>
    <subfield code="7">0</subfield>
    <subfield code="9">94886</subfield>
    <subfield code="a">CPL</subfield>
    <subfield code="b">CPL</subfield>
    <subfield code="c">GEN</subfield>
    <subfield code="d">2023-05-31</subfield>
    <subfield code="g">34.00</subfield>
    <subfield code="o">81'374.3=353.2 &#x10E1;-33</subfield>
    <subfield code="p">29522</subfield>
    <subfield code="r">2023-05-31</subfield>
    <subfield code="t">29522</subfield>
    <subfield code="w">2023-05-31</subfield>
    <subfield code="y">BK</subfield>
    <subfield code="z">34&#x10DA;.53&#x10D7;.</subfield>
  </datafield>
</record>
